Statistics for Top 32 Greatest Talk-Show Hosts of All-Time

Click here to take the quiz!

General Stats

  • This quiz has been taken 65 times
  • The average score is 12 of 32

Answer Stats

#HostNetwork% Correct
2David LettermanNBC / CBS
85%
32Jay LenoNBC
83%
9Conan O'BrienNBC / TBS
80%
13Jimmy FallonNBC
80%
3Johnny CarsonNBC
80%
18Jimmy KimmelABC
78%
15Ellen DeGeneresNBC
68%
1Howard SternSirius XM Radio
66%
6Oprah WinfreySyndicated
64%
8Stephen ColbertComedy Central / CBS
56%
4Jon StewartMTV / Comedy Central
54%
11Craig FergusonCBS
32%
20Arsenio HallSyndicated
31%
21Barbara Walters / Joy Behar / Meredith Vieira / Star Jones / Elisabeth HasselbackABC
31%
17Jack PaarNBC
31%
26Larry KingCNN
31%
19Bill MaherComedy Central / ABC / HBO
25%
29Joan RiversFOX
25%
14Phil DonahueWDTN
25%
25Regis Philbin / Kathie Lee GiffordSyndicated
24%
23Merv GriffinNBC / CBS / ABC
19%
12Dick CavettABC / CBS / PBS / USA / CNBC / TCM
17%
27Mike DouglasSyndicated
17%
31Craig KilbornCBS
14%
16Tom SnyderNBC / CBS
14%
7Larry SandersHBO
8%
24Zach GalifianakisFunny or Die
8%
28Space GhostCartoon Network
7%
30Morton Downey, Jr.WWOR-TV
5%
22Barth GimbleSyndicated
3%
5Marc MaronIFC
3%
10Terry GrossNPR
3%

Score Distribution

Percentile by Number Answered

Percent of People with Each Score

Your Score History

You have not taken this quiz